[Event "Jyvaskyla Winter Weekend B"]
[Site "Jyvaskyla"]
[Date "2015.01.24"]
[Round "3"]
[White "Heikkila, Antti"]
[Black "Sassi, Pekka"]
[Result "1-0"]
[WhiteElo "1951"]
[BlackElo "1991"]
[PlyCount "97"]
[EventDate "2015.01.23"]
[EventType "swiss"]
[EventRounds "5"]
[EventCountry "FIN"]
[SourceTitle "EXT 2022"]
[Source "ChessBase"]
[SourceDate "2021.10.06"]
[SourceVersion "1"]
[SourceVersionDate "2021.10.06"]
[SourceQuality "1"]

1. c4 e5 2. g3 Nf6 3. Bg2 d5 4. cxd5 Nxd5 5. Nc3 Nb6 6. Nf3 Nc6 7. 0-0 Be7 8. b3 0-0 9. Bb2 Be6 10. Rc1 f5 11. d3 Bf6 12. Nd2 Qd7 13. Nc4 Rab8 14. Nb1 Nd5 15. Nbd2 Rfe8 16. Ba1 Bf7 17. a3 Re7 18. b4 Rbe8 19. Nb3 Nd4 20. Nc5 Qc8 21. e3 Nb5 22. a4 Nd6 23. Nxd6 cxd6 24. Ne4 Qe6 25. Nxf6+ Qxf6 26. b5 Qe6 27. Qd2 Qd7 28. Rc2 Be6 29. Rfc1 Qd8 30. Bb2 Qb6 31. Bf1 Nf6 32. Ba3 Rd7 33. Qb4 Nd5 34. Qd2 Nf6 35. Bb4 Qd8 36. Ba3 Qb6 37. Bb4 Qd8 38. Bg2 Nd5 39. Ba3 Qb6 40. Rb2 Rc7 41. Rxc7 Qxc7 42. Bf1 Rc8 43. h3 Kf7 44. Kh2 Ke7 45. Bg2 Nf6 46. Qb4 Nd5 47. Qd2 Qc3 48. e4 fxe4 49. dxe4 1-0

[Event "Heart of Finland op 24th"]
[Site "Jyvaskyla"]
[Date "2014.07.12"]
[Round "8"]
[White "Viljava, Tapani"]
[Black "Sassi, Pekka"]
[Result "1-0"]
[WhiteElo "2186"]
[BlackElo "2040"]
[PlyCount "67"]
[EventDate "2014.07.07"]
[EventType "swiss"]
[EventRounds "9"]
[EventCountry "FIN"]
[SourceTitle "EXT 2019"]
[Source "ChessBase"]
[SourceDate "2018.10.10"]
[SourceVersion "1"]
[SourceVersionDate "2018.10.10"]
[SourceQuality "1"]

1. c4 c5 2. g3 Nc6 3. Bg2 g6 4. Nc3 Bg7 5. Nf3 e6 6. d3 Nge7 7. Bf4 d6 8. Qc1 h6 9. h4 e5 10. Bd2 Be6 11. 0-0 Rc8 12. Ne1 Qd7 13. Nc2 d5 14. cxd5 Nxd5 15. Nxd5 Bxd5 16. Bxd5 Qxd5 17. Ne3 Qd6 18. Re1 f5 19. Qc4 Nd4 20. a4 f4 21. Nf1 Qd7 22. Kg2 g5 23. Bc3 Qc6+ 24. f3 a6 25. Bxd4 exd4 26. b4 Qg6 27. h5 Qd6 28. Nd2 fxg3 29. Ne4 Qe7 30. bxc5 Be5 31. Rab1 Rc7 32. Rb6 Kd8 33. Re6 Qd7 34. Rxe5 1-0

[Event "Heart of Finland op 24th"]
[Site "Jyvaskyla"]
[Date "2014.07.11"]
[Round "7"]
[White "Sassi, Pekka"]
[Black "Syvalahti, Timo"]
[Result "1-0"]
[WhiteElo "2040"]
[BlackElo "1815"]
[PlyCount "53"]
[EventDate "2014.07.07"]
[EventType "swiss"]
[EventRounds "9"]
[EventCountry "FIN"]
[SourceTitle "EXT 2019"]
[Source "ChessBase"]
[SourceDate "2018.10.10"]
[SourceVersion "1"]
[SourceVersionDate "2018.10.10"]
[SourceQuality "1"]

1. c4 e5 2. Nc3 Nf6 3. g3 Nc6 4. Bg2 Bc5 5. Nf3 d6 6. d3 0-0 7. 0-0 a6 8. Bg5 h6 9. Bh4 Be6 10. Ne4 Ba7 11. Nxf6+ gxf6 12. Nd2 Bf5 13. Ne4 Bxe4 14. Bxe4 Kg7 15. e3 Qc8 16. Qf3 Qe6 17. Bf5 Qe7 18. Qg4+ Kh8 19. Qh5 Kg7 20. Qg4+ Kh8 21. Qf3 Nd8 22. Be4 Kg7 23. Bxb7 Rb8 24. Be4 Rxb2 25. Qg4+ Kh8 26. Qf5 Kg7 27. Qh7# 1-0

[Event "Heart of Finland op 24th"]
[Site "Jyvaskyla"]
[Date "2014.07.08"]
[Round "3"]
[White "Sassi, Pekka"]
[Black "Ekdyshman, Mikhail"]
[Result "0-1"]
[WhiteElo "2040"]
[BlackElo "2369"]
[PlyCount "74"]
[EventDate "2014.07.07"]
[EventType "swiss"]
[EventRounds "9"]
[EventCountry "FIN"]
[SourceTitle "CBM 161 Extra"]
[Source "ChessBase"]
[SourceDate "2014.08.29"]
[SourceVersion "1"]
[SourceVersionDate "2014.08.29"]
[SourceQuality "1"]

1. c4 e5 2. g3 Nf6 3. Bg2 d5 4. cxd5 Nxd5 5. Nf3 Nc6 6. 0-0 Be7 7. Nc3 Nb6 8. a3 0-0 9. b4 Re8 10. d3 a5 11. b5 Nd4 12. e3 Nxf3+ 13. Bxf3 a4 14. Bb2 Ra5 15. Re1 h6 16. Qe2 Bd6 17. Reb1 Nd7 18. Bd5 Nc5 19. Bc1 Be6 20. e4 Nb3 21. Bxb7 Nxa1 22. Rxa1 Bc5 23. Rb1 Qd6 24. Nd5 Bd7 25. Ba6 c6 26. bxc6 Bxc6 27. Bc4 Bxa3 28. Bd2 Ra7 29. f4 Bc5+ 30. Kg2 Bxd5 31. Bxd5 a3 32. Bc3 Bd4 33. Bxd4 exd4 34. Qa2 Rb8 35. Bb3 Rab7 36. Kf2 Qc7 37. Ke2 Kh8 0-1

[Event "Jyvaskyla We JyS op"]
[Site "Jyvaskyla"]
[Date "2014.01.26"]
[Round "5"]
[White "Riihimaki, Pekka"]
[Black "Sassi, Pekka"]
[Result "1-0"]
[WhiteElo "1974"]
[BlackElo "2055"]
[PlyCount "119"]
[EventDate "2014.01.24"]
[EventType "swiss"]
[EventRounds "5"]
[EventCountry "FIN"]
[SourceTitle "EXT 2022"]
[Source "ChessBase"]
[SourceDate "2021.10.06"]
[SourceVersion "1"]
[SourceVersionDate "2021.10.06"]
[SourceQuality "1"]

1. e4 d5 2. exd5 Qxd5 3. Nc3 Qd6 4. d4 Nf6 5. Bd3 g6 6. Nge2 Bg7 7. Bf4 Qb6 8. Qd2 c6 9. Na4 Qd8 10. c4 Nh5 11. Be3 e5 12. dxe5 Bxe5 13. 0-0-0 Qc7 14. h3 b6 15. g4 Ng7 16. f4 Bf6 17. Nac3 Be7 18. Rdf1 f5 19. Nd4 0-0 20. gxf5 Nxf5 21. Nxf5 Bxf5 22. Bxf5 Rxf5 23. Ne2 Qd7 24. Rd1 Qe6 25. Qd3 c5 26. Ng3 Rf8 27. Qd5 Qxd5 28. Rxd5 Nc6 29. Kb1 Rad8 30. Rhd1 Bh4 31. Rxd8 Nxd8 32. Ne2 Re8 33. Rd3 Nc6 34. a3 Ne7 35. Nc3 Nf5 36. Nd5 Re4 37. b3 Kf7 38. Kc2 Bg3 39. Bd2 Nd4+ 40. Kd1 Ne2 41. Re3 Rxe3 42. Bxe3 Nd4 43. Bxd4 cxd4 44. Ke2 Ke6 45. Kd3 Bf2 46. b4 Kd6 47. Nf6 Ke6 48. Nxh7 Kf5 49. Nf8 Bg1 50. c5 bxc5 51. bxc5 Bh2 52. Kxd4 Bxf4 53. Kd5 g5 54. Ne6 Bh2 55. a4 Kf6 56. c6 Ke7 57. Nxg5 Kd8 58. h4 Kc8 59. h5 Bf4 60. Nf7 1-0

[Event "Jyvaskyla We JyS op"]
[Site "Jyvaskyla"]
[Date "2014.01.25"]
[Round "3"]
[White "Nevanlinna, Risto"]
[Black "Sassi, Pekka"]
[Result "1-0"]
[WhiteElo "2228"]
[BlackElo "2055"]
[PlyCount "59"]
[EventDate "2014.01.24"]
[EventType "swiss"]
[EventRounds "5"]
[EventCountry "FIN"]
[SourceTitle "EXT 2022"]
[Source "ChessBase"]
[SourceDate "2021.10.06"]
[SourceVersion "1"]
[SourceVersionDate "2021.10.06"]
[SourceQuality "1"]

1. d4 d5 2. c4 e5 3. e3 exd4 4. exd4 Nf6 5. Nf3 Be7 6. Nc3 0-0 7. cxd5 Nxd5 8. Bd3 Nc6 9. 0-0 Ndb4 10. Be4 Bg4 11. a3 Na6 12. Be3 Nab8 13. Qb3 Qc8 14. Ne5 Bh5 15. Nd5 Bd6 16. f4 Be2 17. Bxh7+ Kxh7 18. Qc2+ Kg8 19. Qxe2 Qe6 20. Nc3 Ne7 21. Qf3 Nf5 22. Rae1 Qb3 23. Nd1 Na6 24. Qe4 Ne7 25. Rf3 f5 26. Qb1 Nd5 27. Bf2 Qa4 28. Ne3 Nxe3 29. Rfxe3 Qxd4 30. Qa2+ 1-0

[Event "Oulu We OSS"]
[Site "Oulu"]
[Date "2013.12.01"]
[Round "4"]
[White "Raitanen, Markku"]
[Black "Sassi, Pekka"]
[Result "0-1"]
[WhiteElo "1930"]
[BlackElo "2069"]
[PlyCount "95"]
[EventDate "2013.11.30"]
[EventType "swiss"]
[EventRounds "5"]
[EventCountry "FIN"]
[SourceTitle "EXT 2022"]
[Source "ChessBase"]
[SourceDate "2021.10.06"]
[SourceVersion "1"]
[SourceVersionDate "2021.10.06"]
[SourceQuality "1"]

1. Nf3 e6 2. d4 d5 3. c4 dxc4 4. e3 a6 5. a4 c5 6. Bxc4 Nf6 7. 0-0 Nc6 8. dxc5 Qxd1 9. Rxd1 Bxc5 10. Nc3 Ke7 11. h3 Bb4 12. Bd2 Rd8 13. Be1 Bd7 14. Kf1 Rac8 15. Bd3 Rc7 16. e4 Be8 17. Bc2 Rdc8 18. Ke2 Nd7 19. Bd2 Bd6 20. g3 Na5 21. Bd3 Nb3 22. Rab1 Nxd2 23. Rxd2 Bb4 24. Rc2 Nc5 25. Rbc1 Nxd3 26. Kxd3 Bxc3 27. bxc3 Bxa4 28. Rb2 Rd7+ 29. Ke3 Rd1 30. Rxd1 Bxd1 31. Nd2 Rxc3+ 32. Kd4 Rc7 33. Rb6 Rd7+ 34. Kc3 Ba4 35. Nc4 Rc7 36. Kb4 Bc6 37. e5 f6 38. f4 fxe5 39. fxe5 Rd7 40. Nd6 Kd8 41. Kc5 g5 42. Rb2 Kc7 43. Ne8+ Kb8 44. Nd6 Bd5 45. Rf2 Ka7 46. Nc8+ Kb8 47. Nb6 Rc7+ 48. Kb4 0-1

[Event "Heart of Finland op 23rd"]
[Site "Jyvaskyla"]
[Date "2013.07.10"]
[Round "4"]
[White "Sassi, Pekka"]
[Black "Mertanen, Janne"]
[Result "0-1"]
[WhiteElo "2065"]
[BlackElo "2371"]
[PlyCount "118"]
[EventDate "2013.07.08"]
[EventType "swiss"]
[EventRounds "9"]
[EventCountry "FIN"]
[SourceTitle "EXT 2022"]
[Source "ChessBase"]
[SourceDate "2021.10.06"]
[SourceVersion "1"]
[SourceVersionDate "2021.10.06"]
[SourceQuality "1"]

1. c4 c5 2. g3 Nc6 3. Bg2 g6 4. Nc3 Bg7 5. Nf3 e5 6. 0-0 d6 7. a3 a5 8. Ne1 Be6 9. d3 Nge7 10. Nc2 d5 11. cxd5 Nxd5 12. Ne3 Nde7 13. Nc4 0-0 14. Bg5 f6 15. Be3 Nd4 16. Bxb7 Rb8 17. Bg2 Nb3 18. Na4 Qc7 19. Qc2 Nf5 20. Rae1 Nfd4 21. Qb1 f5 22. f4 e4 23. Ne5 exd3 24. exd3 Qd6 25. Nc4 Qd7 26. Nc3 Kh8 27. Ne5 Qd6 28. Nc4 Qa6 29. Ne5 Rbc8 30. Rd1 Rfd8 31. Rfe1 Bg8 32. Kh1 Nc6 33. Bg1 Nxe5 34. fxe5 Nd4 35. Bxd4 cxd4 36. Ne2 Bd5 37. Nf4 Bxg2+ 38. Kxg2 Re8 39. e6 Bh6 40. b4 Bxf4 41. gxf4 Rxe6 42. Qb3 Rce8 43. Rxe6 Rxe6 44. Qd5 axb4 45. Qxd4+ Kg8 46. axb4 Qa8+ 47. Kg3 Re2 48. Rg1 Qe8 49. Rf1 Re3+ 50. Rf3 Re2 51. Qc4+ Kg7 52. b5 Kh6 53. Qc5 Rb2 54. b6 Qe1+ 55. Rf2 Qg1+ 56. Kf3 Qg4+ 57. Ke3 Qh3+ 58. Rf3 Qg2 59. Qc3 Qg1+ 0-1